[Event "Corus"]
[Site "Wijk aan Zee"]
[Date "2010.01.22"]
[Round "6"]
[White "Kramnik, Vladimir"]
[Black "Van Wely, Loek"]
[Result "1-0"]
[WhiteElo "2788"]
[BlackElo "2641"]
[Annotator "Krasenkow,M"]
[PlyCount "111"]
[EventDate "2010.01.16"]
[EventType "tourn"]
[EventRounds "13"]
[EventCountry "NED"]
[EventCategory "19"]
[SourceTitle "CBM 135"]
[Source "ChessBase"]
[SourceDate "2010.03.17"]
[SourceVersion "1"]
[SourceVersionDate "2010.03.17"]
[SourceQuality "1"]

1. d4 Nf6 2. c4 g6 3. Nc3 Bg7 4. e4 d6 5. Be2 O-O 6. Nf3 e5 7. Be3 c6 8. d5 Ng4
9. Bg5 f6 10. Bh4 c5 11. O-O Nh6 12. a3 Na6 13. Ne1 Qe7 14. Nd3 g5 15. Bg3 f5
16. f3 f4 17. Bf2 Rf6 {A typical KI position has arisen, with Black attacking
on the kingside and White trying to break through on the queenside. White's
task looks more difficult; therefore it is extrenely instructive to see how
Vladimir Kramnik solves it.} (17... Bd7 {, played in another game featured by
the same position, doesn't allow the white queen to a4. The game continued} 18.
b4 b6 19. Rb1 Bf6 20. bxc5 bxc5 21. Rb7 Rfb8 22. Rxb8+ Rxb8 23. Nb5 Rb7 24. h3
Nf7 25. Qc2 Qf8 26. Rb1 Qb8 27. Rb2 Bd8 28. Be1 Bb6 29. Qb1 Bd8 30. Bd1 h5 31.
Kf1 Nc7 32. Ba4 Nxb5 33. Bxb5 Bc8 34. Bc3 Kf8 35. Ke2 Qc7 36. Ba4 Rb6 37. Rxb6
Qxb6 38. Qb5 Qxb5 39. cxb5 Ke7 40. Bb3 g4 41. hxg4 hxg4 42. a4 gxf3+ 43. gxf3
Kd7 44. Bc4 Kc7 45. Nb2 Kb7 46. Bd3 Bd7 47. Nc4 Bc7 48. Be1 Bd8 49. Bc3 {
1/2 Markus,R (2586)-Damljanovic,B (2625)/Vrsac 2006/CBM 115}) 18. b4 {[%mdl 32]
} b6 19. bxc5 bxc5 20. Rb1 Nf7 21. Qa4 {[%cal Ra4c6]} Nd8 22. Rb2 h5 23. Rfb1
Rg6 (23... g4 $2 24. Bh4) 24. h3 {Most of Black's pieces are caught up on the
queenside so it is not easy for him to prepare ...g5-g4.} Bf6 (24... g4 25.
fxg4 hxg4 26. hxg4 Nc7 27. Rb8 Bxg4 28. Bxg4 Rxg4 29. Qd1 $16) 25. Kf1 Qd7 26.
Bd1 g4 {Still! But after the queen exchange Black has no attack.} 27. fxg4 hxg4
28. hxg4 Qxa4 29. Bxa4 $5 Bxg4 30. Bb5 Nc7 31. Bc6 Rc8 (31... Nxc6 32. dxc6 {
[%csl Gc6]}) 32. Rb8 Rxb8 33. Rxb8 {[%mdl 4096]} Kh7 34. Ba4 Rg7 {White has
invaded b8 but what can he do next?} 35. Bd1 $1 {The white bishop has
fulfilled its task facilitating the invasion of the white rook (moves 30-31).
Now it is time to exchange the protector of the light squares.} Na6 (35... Bd7
{is hardly good as this bishop will disturb Black.}) 36. Ra8 Bxd1 37. Nxd1 Rb7
38. Nc3 Nc7 39. Rc8 Nf7 40. Bxc5 $3 $16 {[%mdl 512] An excellent piece
sacrifice! White's passed pawn must now decide the game.} dxc5 41. Nxc5 Nd6 $8
42. Nxb7 Nxc8 43. c5 Na6 $1 44. Ke2 (44. d6 $2 Nxc5 45. Nxc5 Nxd6) (44. Nb5
$142 $5 Kg7 (44... Nb8 45. N7d6 Nxd6 46. Nxd6 {[%cal Yc5c6,Yd6b7]}) (44... Nxc5
45. Nxc5 Be7 46. Nd3 a6 47. Nc7 Nd6 48. Nc5) 45. c6 Kf8 {and only now} 46. Ke2)
44... Kg6 (44... Bg7 $5 45. c6 Bf8 46. Nb5 Nb8 {[%cal Ya7a6]}) 45. Kd3 $2 {
"Centralization of the king in the endgame is almost never wrong. However, it
can be ill-timed." (M.Shereshevsky. Endgame strategy)} (45. Nb5 $1) 45... Be7 (
45... Kf7 $5 46. Kc4 Ke7 47. Nb5 Nb8 48. c6 (48. N7d6 Nxd6+ 49. Nxd6 Kd7 50.
Nb5 a6 51. c6+ Nxc6 52. dxc6+ Kxc6 $11) 48... a6 49. Nc7 Bh4 {and it is
unclear how White is going to win.}) 46. Na4 (46. Kc4 $2 Bxc5 $1 47. Nxc5 $140
$2 Nd6+) (46. d6 Nxc5+) 46... Kg5 $1 47. Kc4 Bxc5 $2 {Losing by force.} (47...
Nxc5 {still led to a draw:} 48. Naxc5 Kg4 49. a4 $1 (49. Nd3 Bxa3 $1 (49...
Nd6+ $2 50. Nxd6 Bxd6 51. Kb5) (49... Kg3 50. a4) 50. Nxe5+ Kg3 51. Nd3 Kxg2
52. e5 (52. Nxf4+ Kf3) 52... f3 53. d6 f2 54. Nxf2 Kxf2 55. Kd5 a5 56. e6 Ne7+
$1) 49... Kg3 50. Nd3 Kxg2 (50... Nd6+ $2 51. Nxd6 Bxd6 52. Kb5 Kxg2 53. Kc6
$18) (50... Bd6 $2 51. Kb5 $18) 51. Nxe5 Nb6+ $1 (51... f3 52. Nd3 f2 $2 53.
Nxf2 Kxf2 54. Kd4 $3 (54. e5 Ke3 55. d6 Ke4 56. dxe7 Nxe7 $11) 54... Kf3 55. e5
Kf4 56. d6 Kf5 57. a5 $1 $18 {[%cal Yd4d5]}) 52. Kb5 (52. Kd4 $2 Bf6) 52... f3
53. Nd3 Nd7 $1 54. d6 Bg5 55. Ne1+ (55. Nbc5 Ne5 $1) 55... Kg3 56. Nxf3 Kxf3
57. Kc6 Ne5+ 58. Kd5 Bf4 59. Nc5 Ng4 $1 60. d7 Bc7 61. Nb7 Kf4 {etc.}) 48.
Naxc5 Nxc5 49. Kxc5 Kg4 50. d6 Nb6 51. Kc6 Kg3 52. Nc5 Kxg2 53. d7 Nxd7 54.
Nxd7 f3 55. Nxe5 f2 56. Ng4 1-0

[Event "EU-ch 11th"]
[Site "Rijeka"]
[Date "2010.03.11"]
[Round "6"]
[White "Pelletier, Yannick"]
[Black "Akopian, Vladimir Eduardovic"]
[Result "0-1"]
[WhiteElo "2611"]
[BlackElo "2688"]
[Annotator "Krasenkow,M"]
[PlyCount "100"]
[EventDate "2010.03.06"]
[EventType "swiss"]
[EventRounds "11"]
[EventCountry "CRO"]
[SourceTitle "CBM 136"]
[Source "ChessBase"]
[SourceDate "2010.05.18"]
[SourceVersion "1"]
[SourceVersionDate "2010.05.18"]
[SourceQuality "1"]

1. Nf3 Nf6 2. c4 g6 3. Nc3 Bg7 4. e4 d6 5. d4 O-O 6. Be2 Nbd7 7. O-O e5 8. Be3
Qe7 9. Qc2 exd4 10. Nxd4 c6 11. Rad1 Re8 12. Bg5 {Quite a rare continuation 
(not surprisingly - a second move with the same piece in a tense position
doesn't feel right).} (12. f3) 12... h6 (12... Nc5 13. Rfe1 (13. f3 a5 14. Rfe1
a4 15. b4 axb3 16. axb3 Qc7 17. b4 Na6 18. b5 Nc5 19. Be3 Nfd7 20. Bf2 Ne5 21.
Ra1 Rxa1 22. Rxa1 Ne6 23. Nxe6 {1/2 Gruenberg,H (2470)-Kochyev,A (2465)/
Dresden 1985/MCL}) 13... a5 (13... Qf8 14. Bf1 Nfd7 15. Be3 a5 16. h3 Nf6 17.
Bf4 Nh5 18. Bh2 Be5 19. Qd2 Bxh2+ 20. Kxh2 Nf6 21. Qf4 Nh5 22. Qd2 Nf6 23. Qf4
Nh5 24. Qh4 f6 25. Be2 $14 {0-1 Antunes,A (2405)-Magem Badals,J (2425)/Andorra
1987/CBM 004 (59)}) 14. Bf1 Qc7 (14... Qf8 15. h3 h6 16. Bc1 Kh7 17. b3 Qe7 18.
g3 Nfd7 19. Bg2 h5 20. Re2 $14 {1-0 Khasin,A-Cheremisin,F/Soviet Union 1971/
EXT 2010 (32)}) 15. Bf4 Nh5 16. Ndb5 $6 (16. Be3 a4 $132) 16... cxb5 17. Bxd6
Qb6 18. Nxb5 Na6 (18... Bg4 $1 19. f3 Bd7 20. Bc7 Qf6 $17) 19. c5 Qc6 20. e5
$44 {0-1 Byrne,R (2560)-De Castro,E (2320)/Lugano 1968/MCD (42)}) 13. Bh4 Nc5
14. f3 (14. Rfe1 $5) 14... a5 (14... Ne6 15. Bf2 Nxd4 16. Bxd4 Be6 17. Rfe1 Qc7
18. Bf1 Rad8 19. Kh1 a6 20. b4 a5 21. a3 axb4 22. axb4 Nd7 23. Bxg7 Kxg7 24.
Ne2 Kh7 25. Qc3 Nb6 26. Nf4 $14 {1-0 Gritsak,O (2527)-Rudolf,M (2380)/Ustron
2009/CBM 132 Extra (72)}) 15. Kh1 Qf8 (15... g5 16. Bf2 Nh5 17. Rfe1 (17. g3 $5
) 17... Be5 18. Bf1 Qf6 19. Nf5 Bxf5 (19... Ng7 $5 20. Nxg7 Kxg7) 20. exf5 Ng7
$6 21. g4 $16 {1-0 Golod,V (2599)-Hug,M (2344)/Zuerich 2009/CBM 131 Extra (39)}
) 16. Rfe1 {A typical position has arisen, and typical manoeuvring starts.} Nh5
17. Bf2 Nf4 18. Bf1 a4 19. Qd2 Nfe6 20. Nde2 $6 {Hardly a good square for the
knight.} (20. Nxe6 $5 Nxe6 21. Be3 {[%cal Yf3f4]}) 20... Nd7 $5 {[%mdl 512]} (
20... Rd8 21. f4 $5) 21. Qxd6 $6 {A risky decision. After the acceptance of
this pawn sacrifice Black's pieces become extremely active.} (21. f4 $5 Nec5
22. Qc2 (22. Ng3 h5) 22... Nb6 23. Nd4 Bg4 24. Rd2) 21... Qxd6 22. Rxd6 Ne5 23.
b3 axb3 24. axb3 Bf8 25. Rd2 Bb4 26. Rb1 Nc5 $44 {[%mdl 2048] Consolidating
White's position "under enemy fire" is a difficult task.} 27. Rc2 (27. Ra2 $5)
27... Ned3 $5 (27... f5 $5 28. Ng3 $1 fxe4 29. Bxc5 $1 (29. Ncxe4 Nxe4 30. Nxe4
Bf5 $44) 29... Bxc5 30. Ncxe4 $14) 28. Be3 f5 29. Nf4 $2 (29. Ra2 $1 {was now
a must, e.g.} Be6 30. Rxa8 Rxa8 31. exf5 Bxf5 $140 32. g4 $1 Nf2+ 33. Bxf2 Bxb1
34. Nxb1 Nxb3 35. Kg2 $16) 29... Nxf4 30. Bxf4 fxe4 $17 {Black has recaptured
the pawn while keeping his positional advantage.} 31. Na2 $2 (31. fxe4 Nxe4 32.
Nxe4 Rxe4 33. Bd2 $1 Bxd2 34. Rxd2 Bf5 35. b4 $1 {was the best defence.}) 31...
Ba3 {[%cal Rc8f5] White has no good reply now. His next move loses at once.}
32. b4 $2 exf3 33. Rd1 Bf5 34. Rf2 Ne4 35. Rxf3 Bg4 36. Kg1 Bb2 37. c5 Bxf3 38.
Bc4+ Kh8 39. gxf3 Ng5 40. Kg2 Ra3 41. Bxg5 hxg5 42. Rd7 g4 43. fxg4 Re4 44. Bf7
Rxg4+ 45. Kf1 Bd4 46. Rxb7 Rg1+ 47. Ke2 Re3+ 48. Kd2 Rg2+ 49. Kd1 Rd3+ 50. Ke1
Bf6 0-1

[Event "Tata Steel-B 73rd"]
[Site "Wijk aan Zee"]
[Date "2011.01.22"]
[Round "7"]
[White "Le, Quang Liem"]
[Black "McShane, Luke J"]
[Result "1-0"]
[WhiteElo "2664"]
[BlackElo "2664"]
[Annotator "Le Quang Liem"]
[PlyCount "91"]
[EventDate "2011.01.14"]
[EventType "tourn"]
[EventRounds "13"]
[EventCountry "NED"]
[EventCategory "17"]
[SourceTitle "CBM 141"]
[Source "ChessBase"]
[SourceDate "2011.03.17"]
[SourceVersion "1"]
[SourceVersionDate "2011.03.17"]
[SourceQuality "1"]

{We met in the seventh round. Having played quite badly the previous rounds 
(minus 1 before this game), I was very motivated to try my best against
McShane. However, I supposed it would be a tough game, as Luke had been
playing strongly in recent tournaments, and he was also the leader at that
moment.} 1. d4 Nf6 2. c4 g6 3. Nc3 Bg7 4. e4 d6 {An expected choice! The
King's Indian Defence is the pet opening of my opponent. A big fight is ahead
of both sides.} 5. Nf3 O-O 6. Be2 e5 7. O-O Na6 (7... Nc6 {is considered to be
the main line.}) 8. Be3 Qe8 ({Alternatives are} 8... Ng4) ({and} 8... c6) 9.
dxe5 Ng4 $5 {An interesting move. The idea is quite logical: Black takes the
chance to attack White's bishop with tempo and avoid capturing on e5 with his
pawn, thus keeping his dark-squared bishop active. I am a little bit surprised
that there are only a few games in which Black has tried this, since I think
it is in no way less strong than 9...dxe5} ({Much more often played is} 9...
dxe5 {, when after} 10. h3 b6 11. a3 Bb7 12. Qc2 Nc5 13. Bxc5 bxc5 14. Nd5 $14
{White enjoys a slightly better position.}) 10. Bc1 ({Not so good is} 10. exd6
{because of} Nxe3 11. fxe3 Bxc3 12. bxc3 cxd6 13. Qxd6 Qxe4 {and Black has
enough compensation for the pawn. It is difficult to claim an advantage for
White with such a weakened pawn structure.}) (10. Bg5 {is also playable, when
play may continue} Nxe5 (10... dxe5 11. h3 h6 12. Bd2 Nf6 13. Be3 $14) 11. Nd4
{with a pleasant position, similar to what happened in the game.}) 10... Nxe5 (
10... dxe5 11. h3 Nf6 12. Be3 {would transpose to the position which I noted
on Black's 9th move.}) 11. Nd4 Nc5 $146 12. Be3 Nc6 13. Ndb5 {White is
slightly better thanks to his space advantage.} Ne6 14. Nd5 Qd8 15. Qd2 f5 {
Black has to do something, otherwise White will just play f2-f4-f5 with a
crushing attack.} ({Of course not} 15... a6 $2 16. Nbxc7 $1 Nxc7 17. Bb6 $16)
16. exf5 Rxf5 {So he wanted to try solving his problems by bringing the rook
to defend c7 in advance, before kicking my knight away.} (16... gxf5 {makes
the Black king exposed} 17. Rad1) 17. Rae1 {It is hard to decide where to put
White's rooks. They might be on d1 and e1, but I thought it was likely that I
would soon have to play f4, so better to keep a rook on f1, and leave the
other one on the open file.} Rf7 (17... a6 {is still early because of the
tactic} 18. Nbxc7 Nxc7 19. Bb6 Rf7 20. Nxc7 Rxc7 21. Bf3 $1 $16) 18. f4 ({
Exchanging the bishops also makes sense} 18. Bh6 Bxh6 19. Qxh6 a6 20. Nbc3 Ncd4
21. Bg4 c6 22. Re4 $1 {(You have to see this move in advance, and I didn't)}
Bd7 (22... Nf5 23. Bxf5 gxf5 24. Rxe6 Bxe6 25. Qxe6 cxd5 26. Nxd5 $14) 23. Nf4
Qf6 24. Nxe6 Nxe6 25. Bxe6 Bxe6 26. Qd2 $36 {Generally speaking, the exchange
of the dark-squared bishops may help White, but it is hard to judge so on move
18, when both the bishops look very active. Also, White has to see 22.Re4! to
maintain the initiative.}) 18... a6 19. Nbc3 Ncd4 20. Bf3 $6 ({I saw} 20. Bg4
$5 {but did not like it very much because of} b5 21. Ne4 Nf5 22. Bxf5 gxf5 23.
Ng5 Nxg5 24. fxg5 Be6 {I thought it was unclear here, but actually after} (
24... Bb7 {loses to} 25. g6 $1 hxg6 26. Bg5 Qd7 27. Ne7+ Rxe7 28. Rxe7 $16))
20... c6 21. Nb4 c5 22. Nbd5 Nxf3+ 23. Rxf3 Nd4 {Black equalises completely.
Now it is White who must play carefully, since Black's bishop pair is very
powerful.} 24. Rff1 b5 25. b3 Bf5 26. Bf2 bxc4 27. bxc4 Rb8 28. Kh1 h6 $6 {
Here we were both nearly in time trouble, so naturally we tried to improve our
positions by making useful quiet moves.} (28... Rfb7 29. Qd1 Kh8 {and Black is
slightly better. His pieces are extremely active.} (29... Bc2 30. Qd2 Bf5 31.
Qd1 {could be a repetition.})) 29. h3 Kh7 $6 {This is a prophylactic move.
However, as it later turned out, Black's king should stay on h8 instead of h7.}
30. Ne4 Rfb7 $2 {Black wants to penetrate on the b-file. But this move just
leaves the kingside undefended.} 31. Qd3 $2 {Played according to my plan, but
spoiled a golden chance.} ({Obviously we both missed this lovely tactic} 31.
Nef6+ $1 {(now you see why 29...Kh8 would be better for Black)} Bxf6 32. Re8
Rb2 33. Qc3 $1 Be4 $8 34. Rxe4 $1 Rb1 35. Rxb1 Rxb1+ 36. Kh2 Bg7 37. Bxd4 $1
Bxd4 38. Qd3 Rb7 39. Re6 Rg7 40. Qe4 {with decisive advantage}) 31... Kh8 32.
g4 Be6 33. f5 {Here White takes the initiative again.} gxf5 34. gxf5 Nxf5 (
34... Bxf5 $6 35. Bxd4 Bxe4+ 36. Qxe4 cxd4 37. Ne7 {gives White a dangerous
attack.}) ({Black may hold with} 34... Bxd5 35. cxd5 c4 36. Qxc4 Nxf5) 35. Nxc5
Bxd5+ 36. cxd5 dxc5 (36... Rf7 37. Ne6 Qd7 38. Rb1 $14) 37. Qxf5 Rd7 $2 {
The losing mistake.} ({Necessary is} 37... Qd6 {, when Black seems to be OK.
With accurate defence Black should draw this without too much effort.} 38. Re6
Rf8) 38. Bh4 $1 {After this move White is just winning.} Qc8 (38... Qc7 39. Bg3
) 39. Bf6 $1 {Exchanging an important defender of Black's king.} Rf7 (39... Kg8
{is more stubborn, but White should still win anyway.} 40. Qh5 Qb7 41. Rg1 $18)
(39... Bxf6 40. Qxf6+ Rg7 41. Qxh6+ Rh7 (41... Kg8 42. Re7 $1) 42. Qf6+ Rg7 43.
Qf3 $1 Qg8 44. Re6 $18) 40. Bxg7+ Rxg7 41. Re6 {White's major pieces come
closer and closer to Black's king. Black does not have enough time to defend
it, so he has to part with his queen, or else he gets checkmated.} Kg8 42. Qh5
$1 Qc7 43. Rxh6 Rh7 44. Rxh7 Qxh7 45. Rg1+ Kh8 46. Qe5+ {And Black resigned. I
managed to score 50 percent after this win!} 1-0

[Event "Grand Slam Final 4th"]
[Site "Sao Paulo/Bilbao"]
[Date "2011.10.10"]
[Round "9"]
[White "Vallejo Pons, Francisco"]
[Black "Nakamura, Hikaru"]
[Result "1-0"]
[WhiteElo "2716"]
[BlackElo "2753"]
[Annotator "Edouard,R"]
[PlyCount "79"]
[EventDate "2011.09.26"]
[EventType "tourn"]
[EventRounds "10"]
[EventCountry "BRA"]
[EventCategory "22"]
[SourceTitle "CBM 145"]
[Source "ChessBase"]
[SourceDate "2011.11.11"]
[SourceVersion "1"]
[SourceVersionDate "2011.11.11"]
[SourceQuality "1"]
[TimeControl "40/5400+10:3600+10"]

1. Nf3 Nf6 2. c4 g6 3. Nc3 Bg7 4. e4 d6 5. d4 O-O 6. Be2 Nbd7 {A side-line.
Nakamura is a fighter! Ok, everyone knows it.} 7. Be3 e5 8. O-O Re8 9. dxe5
dxe5 10. b4 c6 11. c5 Nh5 $146 12. Nd2 Nf4 13. Nc4 Nxe2+ 14. Qxe2 Qe7 15. Rab1
Nf8 16. Nd6 Rd8 {Black is slightly worse, but these kinds of positions are not
at all easy to break with White.} 17. Na4 (17. b5 $5 Ne6 18. Rfd1 Nd4 19. Qd3 {
is one way to play. White is better, but I don't know how much.}) 17... Ne6 18.
Nb2 b5 19. a4 a6 20. Ra1 Rb8 21. axb5 axb5 22. Ra3 (22. Nd3 {with the idea of
facing} Nf4 {with} 23. Bxf4 exf4 24. e5 $1 {is a decent idea, and after} Bf5 $1
25. Ra6 (25. Nxf5 gxf5 {breaks Black's pawn structure but also solves many of
his problems: White doesn't have much advantage here.}) 25... Bxd3 26. Qxd3
Qxe5 27. Rxc6 Bf8 28. Rd1 {White is surely a bit better, but Black should get
a draw, by playing ...Rd7 & ...Rbd8 and taking on ...d6 at some well chosen
point.}) 22... Nf4 23. Qd2 Be6 24. g3 Nh5 $6 (24... Nh3+ 25. Kg2 Nf4+ $1 {
seems like a draw:} 26. Kh1 (26. gxf4 Qh4 $11) 26... Nh3 {and White should
repeat or some ...f5 moves are coming. Difficult to say if Nakamura missed
this line or deliberately chose not to play it.}) 25. Rfa1 Nf6 26. Bg5 Qf8 {
Here White seems much better, but actually he needs to be very precise.} 27.
Bxf6 $6 {Too early.} (27. Qd3 {looks great, but after} h6 (27... Rd7 28. Ra6
$16) 28. Bxf6 Bxf6 29. Ra6 Be7 30. Rxc6 Bd7 {somehow it looks like Black more
or less holds:} 31. Rca6 (31. Rc7 Bxd6 32. Qxd6 Qxd6 33. cxd6 Rb6 34. Nd3 Rxd6
35. Nxe5 Bh3 36. f3 Rd2 37. Nxf7 Rg2+ 38. Kh1 Ra2 $1 39. Nxh6+ Kf8 40. Rcc1 Rb2
{should be drawn.}) 31... Bc8 32. Ra8 Bxd6 33. cxd6 Rb6 (33... Rxd6 $4 34. Rxb8
$18 {The deep point of playing Qd3 first: the queen is protected.}) 34. d7 $1
Rxd7 35. Rc1 (35. Qc3 Rd8 36. Rd1 Re8 37. f3 Bh3 38. Rxe8 Qxe8 39. Nd3 Rd6 $11)
35... Rxd3 36. Rcxc8 Rd2 $1 {(a lucky move!)} 37. Rxf8+ Kg7 38. Rg8+ Kf6 $1 {
and Black should escape.}) (27. Qc2 $5 {should simply be the best:} h6 (27...
Ra8 28. Ra5 {and Black is still under huge pressure.}) 28. Bxf6 Bxf6 29. Nd3
Be7 30. Nxe5 Bxd6 31. cxd6 (31. Nxc6 Bc7 32. f4 {is maybe good too, due to
Black's bishop's passivity.}) 31... Rxd6 32. Qc5 {and White is definitely
slightly better.}) 27... Bxf6 28. Nd3 (28. Ra6 Be7 29. Rxc6 Bd7 {is fine for
Black for the same reasons that 27.Qd3 was (as the d2-queen is not protected
like on d3, it is actually even easier for Black!).}) 28... Be7 29. Nxe5 Bxd6
30. cxd6 Rxd6 31. Qc3 Rbd8 {Now Black is definitely all right!} 32. h4 Qe8 33.
Ra6 f6 34. Nf3 Bg4 35. Qb3+ Kh8 36. Nh2 $2 (36. Qe3 $1 Rd3 37. Qf4 Bxf3 38.
Qxf6+ Kg8 39. Ra7 Rd1+ 40. Kh2 Qf8 41. Qe6+ Kh8 42. Rf7 $5 (42. Qe5+ Kg8 $11)
42... Qd6 43. Qxd6 R8xd6 44. Ra8+ Rd8 45. Rxd8+ Rxd8 46. Rxf3 Rd4 $11) 36...
Qxe4 {Strange!} (36... Rd1+ {just wins a pawn:} 37. Nf1 $8 (37. Rxd1 $2 Rxd1+
38. Nf1 Be2 $19) 37... Qxe4 (37... Be2 $2 38. Qc2 $11) 38. Rxd1 Rxd1 39. Ra8+
Kg7 40. Ra7+ Rd7 {and Black is up a big pawn, and a probably winning position.}
) 37. Nxg4 Qxg4 38. Qf7 Qf3 39. Rf1 Rd1 40. Ra1 {time. Drama! Everyone knows
the rest.} (40. Ra1 R1d7 {and Black is up a pawn, with all the winning chances
on his side.}) 1-0